Làm thế nào kinh doanh tốt công ty nhỏ /
Đã lưu trong:
| 主要作者: | |
|---|---|
| 格式: | 圖書 |
| 語言: | Vietnamese |
| 出版: |
TKE
2003
|
| 標簽: |
添加標簽
沒有標簽, 成為第一個標記此記錄!
|
| Thư viện lưu trữ: | Mạng thư viện Đại học Đà Nẵng |
|---|
| LEADER | 00676nam a2200265 4500 | ||
|---|---|---|---|
| 001 | 000028358 | ||
| 003 | TR-MY | ||
| 005 | 20150403120000.0 | ||
| 008 | 150403s vm 000 vie | ||
| 020 | |c 0,0000 | ||
| 040 | |a notts | ||
| 100 | |a Trần Ngọc Minh | ||
| 245 | |a Làm thế nào kinh doanh tốt công ty nhỏ / |c Trần Ngọc Minh (chủ biên) ; Nguyễn Khắc Khoái dịch. | ||
| 260 | |b TKE |c 2003 | ||
| OWN | |a LTT | ||
| 999 | |a From the UDN01 | ||
| TYP | |a Monograph | ||
| TYP | |a Printed language | ||
| 980 | |a Mạng thư viện Đại học Đà Nẵng | ||